Statistics for Who Sang These Songs: The New Wave Music Subgenre Quiz

Click here to take the quiz!

General Stats

  • This quiz has been taken 133 times
  • The average score is 11 of 15

Answer Stats

HintAnswer% Correct
Tainted Love, Where Did Our Love Go, Say HelloSoft Cell
90%
Mad World, Shout, Everybody Wants to Rule the WorldTears for Fears
89%
Sweet Dreams, Here Comes the Rain Again, Never Gonna Cry AgainEurythmics
87%
Do You really Want To Hurt Me, I'll Tumble 4 Ya, Karma ChameleonCulture Club
85%
West End Girls, It's a Sin, Always on my MindPet Shop Boys
83%
Boys Don't Cry, Close to Me, Pictures of YouThe Cure
81%
Blue Monday, Bizarre Love Triangle, Round and RoundNew Order
79%
People Are People, Personal Jesus, Everything CountsDepeche Mode
77%
Relax, War, Welcome to the PleasuredomeFrankie Goes to Hollywood
76%
Love Will Tear Us Apart, Disorder, Twenty Four HoursJoy Division
75%
Human, Don't You Want Me, Love Me MadlyThe Human League
75%
Whip It, SatisfactionDevo
73%
I Ran (So Far Away), You Can Run, Space Age Love SongFlock of Seagulls
61%
Hold Me Now, Lay Your Hands on Me, If You Were HereThompson Twins
55%
Situation, In My Room, Don't GoYazoo
45%

Score Distribution

Percentile by Number Answered

Percent of People with Each Score

Your Score History

You have not taken this quiz